[Event "5th Batumi Municipality Cup 2019"]
[Site "Batumi"]
[Date "2019.07.10"]
[Round "9.4"]
[White "Yeritsyan, Hayk"]
[Black "Pantsulaia, Levan"]
[Result "1/2-1/2"]
[WhiteElo "2210"]
[BlackElo "2612"]
[Annotator "TA"]
[PlyCount "73"]
[EventDate "2019.07.04"]
[EventCountry "GEO"]
[SourceTitle "playchess.com"]
[Source "ChessBase"]
[SourceQuality "1"]

{[%evp 16,73,75,52,83,57,72,66,71,12,12,7,0,14,27,0,0,-9,-19,-9,-22,-27,0,0,0,0,8,6,10,6,72,55,67,68,65,25,20,14,162,171,133,8,8,8,16,1,1,1,73,39,133,133,134,134,170,170,170,170,164,168]} 1. d4 Nf6 2. c4 c5 3. d5 g6 4. Nc3 Bg7 5. e4 d6 6. f4 O-O 7. Nf3 b5 8. cxb5 a6 9. a4 Nbd7 {E76: King's Indian: Four Pawns Attack: Lines specific to 6 Nf3 move-order} (9... Bb7 10. Ra3 e6 11. dxe6 fxe6 12. e5 Nd5 13. Ng5 Nxf4 14. Bxf4 Rxf4 15. Nxe6 Qh4+ 16. g3 Qe7 17. Nxf4 Qxe5+ {1-0 (26) Ivanisevic,I (2645)-Djukic,N (2513) Skopje 2012}) 10. Be2 axb5 11. Bxb5 Ba6 {White is slightly better.} 12. Bd2 (12. Bxa6 $1 $16 Rxa6 13. e5) 12... Bxb5 $11 13. axb5 Rxa1 14. Qxa1 Qb6 15. O-O $146 ({Predecessor:} 15. Qa4 Ne8 16. O-O Nc7 17. e5 {1-0 (42) Kurz,A-Roth,N Ansbach 1985}) 15... Ne8 16. Qa6 Nc7 17. Qxb6 Nxb6 18. Ra1 {Black should prevent Ra7.} f5 {And now ...fxe4 would win.} (18... Bxc3 {feels hotter.} 19. bxc3 Rb8 20. Be1 f5 21. exf5 gxf5 22. Nh4 Rf8) 19. Ra7 $36 {[%mdl 2048] White has some pressure.} Bxc3 20. bxc3 fxe4 21. Rxc7 {Hoping for Ng5.} exf3 22. Rxe7 {[%mdl 4096] Endgame KRB-KRN} Ra8 (22... Rf5 $11) 23. gxf3 $16 Ra1+ 24. Kf2 $1 Ra2 25. Re2 (25. Ke1 {is interesting.} Nc4 26. f5 Nxd2 27. b6 Nxf3+ 28. Kd1) 25... Nxd5 26. Be1 Rxe2+ (26... Ra3 $1 $11 {and Black stays safe.}) 27. Kxe2 $11 {Strongly threatening c4. KB-KN} c4 28. Kd2 (28. Kf2 $16) 28... Kf7 29. Kc2 Ke6 30. Bd2 Kd7 31. Kb2 Kc7 {[#]} (31... Nc7 $1 $11) 32. Ka3 $1 $16 h5 {[#]} (32... Kb8 $14) 33. Ka4 $1 {White is clearly better.} Kb6 34. Be1 Nxf4 35. Bf2+ Kb7 36. Bg3 Nd5 37. Bxd6 {Accuracy: White = 52%, Black = 32%.} 1/2-1/2

[Event "5th Batumi Municipality Cup 2019"]
[Site "Batumi"]
[Date "2019.07.10"]
[Round "9.5"]
[White "Lomsadze, Davit"]
[Black "Nigalidze, Gaioz"]
[Result "0-1"]
[WhiteElo "2292"]
[BlackElo "2563"]
[Annotator "ChessBase"]
[PlyCount "82"]
[EventDate "2019.07.04"]
[EventCountry "GEO"]
[SourceTitle "playchess.com"]
[Source "ChessBase"]
[SourceQuality "1"]

1. Nf3 d5 2. g3 Nf6 3. Bg2 c5 4. O-O e6 5. c4 d4 6. d3 Nc6 7. e4 e5 8. Ne1 g6 9. h3 Bg7 10. a3 a5 11. Nd2 O-O 12. Rb1 Qe7 13. Ndf3 Ne8 14. b4 axb4 15. axb4 Nxb4 16. Nc2 Nc6 17. Na3 Nd6 18. Nb5 Nb4 19. Nxd6 Qxd6 20. Ne1 Bd7 21. f4 b5 22. cxb5 Bxb5 23. f5 Ra2 24. h4 Qa6 25. h5 Bxd3 26. h6 Rxg2+ 27. Nxg2 Bf6 28. fxg6 fxg6 29. Rf2 Bxb1 30. Qb3+ Rf7 31. Qxb1 Qd3 32. Qa1 Qxe4 33. Qa4 Qc6 34. Qb3 Qd5 35. Qa4 Qc6 36. Qb3 Qd5 37. Qa4 Nd3 38. Rxf6 Rxf6 39. Bg5 Rf8 40. Be7 Ra8 41. Qb5 Kf7 0-1

[Event "5th Batumi Municipality Cup 2019"]
[Site "Batumi"]
[Date "2019.07.10"]
[Round "9.6"]
[White "Barsov, Alexei"]
[Black "Lortkipanidze, Nodar"]
[Result "0-1"]
[WhiteElo "2397"]
[BlackElo "2311"]
[Annotator "NA"]
[PlyCount "76"]
[EventDate "2019.07.04"]
[EventCountry "GEO"]
[SourceTitle "playchess.com"]
[Source "ChessBase"]
[SourceQuality "1"]

1. d4 g6 2. c4 Bg7 3. Nf3 c5 4. d5 d6 5. e4 e6 6. Nc3 Ne7 7. dxe6 Bxe6 8. Bf4 Nbc6 9. Be2 Qb6 10. Qd2 Bg4 11. O-O Bxf3 12. Bxf3 Nd4 13. Bg4 O-O 14. Rab1 Qb4 15. Qd3 Rad8 16. Bg5 f6 17. Bd2 Qb6 18. f4 Qa6 19. Rfe1 Nec6 20. a3 f5 21. exf5 gxf5 22. Be2 Nxe2+ 23. Rxe2 d5 24. Nxd5 Bd4+ 25. Ne3 Bxb2 26. Qb3 Nd4 27. Qxb2 Nxe2+ 28. Kh1 Nxf4 29. Rf1 Rd4 30. Bc3 Re4 31. Rf3 Qb6 32. Qc2 Qe6 33. Qf2 Re8 34. Rg3+ Ng6 35. Nd5 Rxc4 36. Nf6+ Qxf6 37. Bxf6 Rc1+ 38. Qg1 Ree1 0-1

[Event "5th Batumi Municipality Cup 2019"]
[Site "Batumi"]
[Date "2019.07.10"]
[Round "9.7"]
[White "Garayev, Kanan"]
[Black "Sibashvili, Giorgi"]
[Result "0-1"]
[WhiteElo "2351"]
[BlackElo "2389"]
[Annotator "NA"]
[PlyCount "50"]
[EventDate "2019.07.04"]
[EventCountry "GEO"]
[SourceTitle "playchess.com"]
[Source "ChessBase"]
[SourceQuality "1"]

1. d4 Nf6 2. c4 e6 3. Nf3 d5 4. Nc3 c6 5. g3 dxc4 6. Bg2 b5 7. O-O Bb7 8. b3 b4 9. Na4 c3 10. Ne5 Nbd7 11. Qc2 Nxe5 12. dxe5 Nd7 13. a3 a5 14. Be3 Qc7 15. axb4 axb4 16. Rad1 Ra5 17. Be4 c5 18. Bxh7 c4 19. bxc4 Qc6 20. f3 Qxa4 21. Qd3 Bc5 22. Bxc5 Rxc5 23. Ra1 Qc6 24. Rfd1 Rxe5 25. Ra7 Rxh7 0-1

[Event "5th Batumi Municipality Cup 2019"]
[Site "Batumi"]
[Date "2019.07.10"]
[Round "9.8"]
[White "Aliyev, Ravan"]
[Black "Eynullayev, Altay"]
[Result "1/2-1/2"]
[WhiteElo "2385"]
[BlackElo "2188"]
[Annotator "NA"]
[PlyCount "69"]
[EventDate "2019.07.04"]
[EventCountry "GEO"]
[SourceTitle "playchess.com"]
[Source "ChessBase"]
[SourceQuality "1"]

1. Nf3 Nf6 2. g3 d5 3. b3 g6 4. Bb2 Bg7 5. Bg2 O-O 6. O-O c6 7. d3 b6 8. Nbd2 Bb7 9. c4 Nbd7 10. Qc2 Re8 11. Ne5 Nxe5 12. Bxe5 Qd7 13. Rad1 c5 14. cxd5 Bxd5 15. e4 Bb7 16. Nc4 Nh5 17. d4 cxd4 18. Rxd4 Qc6 19. Rd2 Rac8 20. Bxg7 Nxg7 21. Rfd1 Ne6 22. Qb2 Red8 23. h4 Qc5 24. Rxd8+ Rxd8 25. Rxd8+ Nxd8 26. Qd2 Ne6 27. Qd7 Qc7 28. Qe8+ Nf8 29. Qa4 Bc6 30. Qb4 Ne6 31. h5 Nc5 32. Qe1 Qd8 33. Ne5 Bb7 34. b4 Ne6 35. hxg6 1/2-1/2

[Event "5th Batumi Municipality Cup 2019"]
[Site "Batumi"]
[Date "2019.07.10"]
[Round "9.9"]
[White "Chkhaidze, Nikoloz"]
[Black "Akhvlediani, Irakli"]
[Result "0-1"]
[WhiteElo "2330"]
[BlackElo "2259"]
[Annotator "NA"]
[PlyCount "96"]
[EventDate "2019.07.04"]
[EventCountry "GEO"]
[SourceTitle "playchess.com"]
[Source "ChessBase"]
[SourceQuality "1"]

1. d4 Nf6 2. c4 e6 3. Nc3 Bb4 4. Qc2 Nc6 5. Nf3 d6 6. a3 Bxc3+ 7. Qxc3 O-O 8. e3 Qe7 9. b3 e5 10. Bb2 Re8 11. dxe5 dxe5 12. Be2 a5 13. O-O Bg4 14. h3 Bf5 15. b4 Ne4 16. Qb3 axb4 17. axb4 Nxb4 18. Bxe5 c5 19. Rfd1 Ra6 20. Rxa6 bxa6 21. g4 Bg6 22. Qa4 f6 23. Bb2 Nxf2 24. Kxf2 Qxe3+ 25. Kg3 Bc2 26. Qa3 Qxa3 27. Bxa3 Rxe2 28. Rd8+ Kf7 29. Rd7+ Re7 30. Rxe7+ Kxe7 31. Nd4 cxd4 32. Bxb4+ Ke6 33. Kf4 g5+ 34. Kf3 Ke5 35. Ba5 Bd1+ 36. Kf2 f5 37. gxf5 Kxf5 38. c5 Ba4 39. Bd2 h5 40. Kg3 Bc6 41. Ba5 h4+ 42. Kf2 g4 43. hxg4+ Kxg4 44. Bc7 Kf5 45. Bd8 h3 46. Kg3 Ke4 47. Kxh3 d3 48. Bg5 Ke5 0-1

[Event "5th Batumi Municipality Cup 2019"]
[Site "Batumi"]
[Date "2019.07.10"]
[Round "9.11"]
[White "Mustafayev, Farid"]
[Black "Babazada, Khazar"]
[Result "1/2-1/2"]
[WhiteElo "2289"]
[BlackElo "2247"]
[Annotator "NA"]
[PlyCount "76"]
[EventDate "2019.07.04"]
[EventCountry "GEO"]
[SourceTitle "playchess.com"]
[Source "ChessBase"]
[SourceQuality "1"]

1. e4 c5 2. Nf3 Nc6 3. c3 Nf6 4. e5 Nd5 5. d4 cxd4 6. cxd4 d6 7. Bc4 e6 8. O-O Be7 9. exd6 Qxd6 10. Nc3 Nxc3 11. bxc3 O-O 12. a4 Bd7 13. Re1 Rac8 14. d5 exd5 15. Bxd5 Bg4 16. Ba3 Qf6 17. Bxc6 Bxa3 18. Bxb7 Bxf3 19. Qxf3 Qxf3 20. Bxf3 Rxc3 21. Re3 Bb2 22. Rxc3 Bxc3 23. Rc1 Rc8 24. g3 Rc7 25. Bd5 Ba5 26. Rxc7 Bxc7 27. f4 g6 28. Kg2 Kg7 29. Kf3 f5 30. Bc4 Kf6 31. Bb3 Bb6 32. Ba2 Bg1 33. h4 h6 34. Bb1 Bb6 35. Bc2 g5 36. hxg5+ hxg5 37. g4 fxg4+ 38. Kxg4 gxf4 1/2-1/2

[Event "5th Batumi Municipality Cup 2019"]
[Site "Batumi"]
[Date "2019.07.10"]
[Round "9.14"]
[White "Dolzhykova, Kateryna"]
[Black "Tereladze, Sopiko"]
[Result "1-0"]
[WhiteElo "2228"]
[BlackElo "2144"]
[Annotator "NA"]
[PlyCount "71"]
[EventDate "2019.07.04"]
[EventCountry "GEO"]
[SourceTitle "playchess.com"]
[Source "ChessBase"]
[SourceQuality "1"]

1. e4 e5 2. Nf3 Nc6 3. Bb5 a6 4. Ba4 Nf6 5. d3 b5 6. Bb3 Be7 7. O-O O-O 8. Re1 d6 9. a4 b4 10. a5 Bg4 11. c3 Rb8 12. Nbd2 bxc3 13. bxc3 d5 14. h3 Be6 15. Ng5 h6 16. Nxe6 fxe6 17. Nf3 Bd6 18. Qc2 Qe7 19. Nh4 Qf7 20. Ra4 Nd7 21. exd5 Rxb3 22. dxc6 Nc5 23. Rg4 Nxd3 24. Be3 Nxe1 25. Qxb3 Rd8 26. Qd1 h5 27. Re4 g5 28. Bxg5 Be7 29. Qxe1 Bxg5 30. Nf3 Bf6 31. Nxe5 Qg7 32. Nd7 Bxc3 33. Qe2 Qf7 34. Qe3 Bg7 35. Qg5 Re8 36. Rf4 1-0

[Event "5th Batumi Municipality Cup 2019"]
[Site "Batumi"]
[Date "2019.07.10"]
[Round "9.16"]
[White "Primbetov, Kazbek"]
[Black "Haussernot, Cecile"]
[Result "1/2-1/2"]
[WhiteElo "2275"]
[BlackElo "2178"]
[Annotator "NA"]
[PlyCount "83"]
[EventDate "2019.07.04"]
[EventCountry "GEO"]
[SourceTitle "playchess.com"]
[Source "ChessBase"]
[SourceQuality "1"]

1. d4 d5 2. Nf3 Nf6 3. c4 c6 4. Nc3 e6 5. g3 Nbd7 6. Bg2 Be7 7. O-O O-O 8. Nd2 e5 9. dxe5 Nxe5 10. cxd5 cxd5 11. Nb3 Be6 12. Bg5 Nc4 13. Rb1 Bf5 14. Rc1 Nxb2 15. Qd4 Rc8 16. Qxa7 Qd7 17. Bxf6 Ra8 18. Qe3 Bxf6 19. Nxd5 Rfe8 20. Nxf6+ gxf6 21. Qf4 Rxe2 22. Rc7 Nd3 23. Qc4 b5 24. Rxd7 bxc4 25. Rxd3 Bxd3 26. Bxa8 Rxa2 27. Nc1 Rxa8 28. Nxd3 cxd3 29. Rd1 Ra3 30. Kg2 Kg7 31. Kf3 Kg6 32. Ke3 Kf5 33. Rxd3 Rxd3+ 34. Kxd3 Kg4 35. Ke4 Kh3 36. Kf5 Kxh2 37. Kxf6 Kg2 38. Kxf7 Kxf2 39. g4 Kg3 40. g5 Kg4 41. g6 hxg6 42. Kxg6 1/2-1/2

[Event "5th Batumi Municipality Cup 2019"]
[Site "Batumi"]
[Date "2019.07.10"]
[Round "9.17"]
[White "Kusluvan, Yekaterina"]
[Black "Hajiyeva, Laman"]
[Result "1/2-1/2"]
[WhiteElo "2155"]
[BlackElo "2107"]
[Annotator "NA"]
[PlyCount "165"]
[EventDate "2019.07.04"]
[EventCountry "GEO"]
[SourceTitle "playchess.com"]
[Source "ChessBase"]
[SourceQuality "1"]

1. e4 e6 2. d4 d5 3. Nd2 c5 4. Ngf3 Nc6 5. exd5 exd5 6. Bb5 Bd6 7. dxc5 Bxc5 8. O-O Nge7 9. Nb3 Bd6 10. h3 O-O 11. Be3 Nf5 12. Bc5 Bxc5 13. Nxc5 Qb6 14. Bxc6 bxc6 15. Na4 Qb5 16. b3 Re8 17. Nd4 Nxd4 18. Qxd4 Bf5 19. c3 Re4 20. Qd2 Rae8 21. Rfe1 Re2 22. c4 Rxe1+ 23. Rxe1 Rxe1+ 24. Qxe1 Qb8 25. cxd5 cxd5 26. Qe3 g6 27. Nc3 Be6 28. Qd4 Qb7 29. Ne2 Qa6 30. Qd2 h5 31. Nd4 Qb6 32. Qc3 Kf8 33. a4 a6 34. b4 Bd7 35. a5 Qd6 36. Qc5 Ke7 37. h4 Qxc5 38. bxc5 f6 39. Kf1 g5 40. g3 Bh3+ 41. Ke2 Kd7 42. Ke3 Bg4 43. f4 gxh4 44. gxh4 Bh3 45. Kd2 Bg2 46. Kc3 Be4 47. Kb4 Bd3 48. Kc3 Be4 49. Ne2 Bf3 50. Nd4 Be4 51. Kd2 Bg2 52. Ke2 Be4 53. Kf2 Bb1 54. Kg3 Be4 55. f5 Bd3 56. Kf4 Bb1 57. Ne6 Bd3 58. Ke3 Bxf5 59. Nf4 Kc6 60. Kd4 Bg4 61. Nxd5 f5 62. Ne7+ Kd7 63. Ng6 Kc6 64. Ne5+ Kc7 65. Ke3 Bd1 66. Kf4 Bg4 67. Kg5 Kb7 68. Kf4 Kc7 69. Ke3 Bd1 70. Kd4 Bg4 71. Kd5 Be2 72. Ng6 Bf3+ 73. Kd4 Bg4 74. Ne5 Be2 75. Nd3 Kc6 76. Nf4 Bf3 77. Kc4 Bg4 78. Kb4 Bf3 79. Kc4 Bg4 80. Ne6 Be2+ 81. Kb4 Bg4 82. Nf4 Bf3 83. Kc4 1/2-1/2